000 00689nam a2200193Ia 4500
008 151121s9999||||xx |||||||||||||| ||und||
082 _a811/जहागी
082 _bHNW-79122
100 _aजहागीरदार विजया
245 _aस्त्रीनक्षत्र
260 _b"दिलीपराज प्रकाशन प्रा। लि।, पुणे।"
260 _c--
300 _a78
600 _aजहागीरदार विजया
630 _aस्त्रीनक्षत्र
700 _aजहागीरदार विजया
730 _aस्त्रीनक्षत्र
942 _cBOOK
999 _c1260515
_d1260512